| 000 | 00643nam a2200193 i 4500 | ||
|---|---|---|---|
| 001 | 134197 | ||
| 003 | ES-MaACL | ||
| 005 | 20250520160738.0 | ||
| 007 | t| | ||
| 008 | 070906s1912 fr ||||1| fre d | ||
| 100 | 1 |
_aWyzewa, Teodor de. _9117484 |
|
| 245 | 1 | 0 |
_aW. A. Mozart _b: sa vie musicale et son oeuvre de l'enfance a la pleine maturité / _cpar T. de Wyzewa et G. de Saint-Foix. |
| 260 |
_a[Evreux : _bHerissey], _c1912. |
||
| 300 |
_a2 v. ; _c26 cm. |
||
| 600 | 0 |
_aMozart, Wolfgang Amadeus, _d1756-1791- _xBiografĂas _9223460 |
|
| 700 | 1 |
_aSaint Foix, G. de. _9158282 |
|
| 852 |
_aES-MaACL _jF-1332-33 |
||
| 999 |
_c134197 _d134197 |
||